| 000 | 00820nam a2200289 4500 | ||
|---|---|---|---|
| 999 |
_c8435 _d8435 |
||
| 001 | 8435 | ||
| 003 | MCM | ||
| 005 | 20180224173735.0 | ||
| 008 | 860321s1986 maua 001 0 eng | ||
| 020 | _a0534064027 (pbk.) | ||
| 035 | _a(BD-JhCC)8435 | ||
| 035 | _aGLIS00353603 | ||
| 040 |
_aDLC _cDLC _dm/c _dMYG |
||
| 041 | _aeng | ||
| 050 | 0 |
_aTK7868.D5 _bK56 1986 |
|
| 082 |
_a621.3815 _bKNO 1986 |
||
| 099 | _aTK7868.D5.K56 1986 | ||
| 100 | 1 | _aKnox, Rosemary. | |
| 245 | 1 | 0 |
_aFundamentals of digital electronics / _cRosemary Knox. |
| 260 |
_aBoston, Mass. : _bPWS-Kent Pub. Co.) _cc1986. |
||
| 300 |
_avii, 280 p. : _bill. ; _c28 cm. |
||
| 500 | _aIncludes index. | ||
| 650 | 0 | _aDigital electronics. | |
| 942 |
_2ddc _cBK |
||
| 949 |
_aMYGE _b39080005368581 |
||